Political Parties of New Zealand - Statistics

General Stats
  • This quiz has been taken 24 times
  • The average score is 5 of 6
Answer Stats
Seats in Parliament (Hint) Answer % Correct
15/123 Green Party of Aotearoa New Zealand (GREENS)
96%
49/123 Labour Party of New Zealand (LAB)
96%
8/123 New Zealand First Party (NZ FIRST)
91%
11/123 ACT New Zealand (ACT)
87%
6/123 Te Pati Maori (MAORI)
87%
34/123 National Party of New Zealand (NAT)
78%
No matching quizzes found
Score Distribution
Percent of People with Each Score
Percentile by Number Answered
Your Score History
You have not taken this quiz